00866nam a2200265 a 4500001001000000003000500010005001700015008004100032010001100073011001100084020001800095040000900113082001600122100002100138245021500159260002900374300001100403490002300414650002400437650002600461650002600487700002300513700003000536700003400566000107933CHAP20220329143949.0131121s2011 ck |r ||||||spa d a104395 a105367 a9789586487443 cCHAP04a304.28bB8600aBrown, Lester R.13aEl mundo al borde del abismo :bcómo evitar el declive ecológico y el colapso de la economía /cpor Lester R. Brown; traductores Gilberto Rincón González, María Alejandra Pineda y Tatiana Másmela. aBogotá :bECOE,c2011. a268 P. aCiencias naturales14aCambio climático.14aEconomía ambiental.14aPolítica ambiental.1 aMásmela, Tatiana1 aPineda, María Alejandra1 aRincón González, Gilberto